Využití mikropočítačových sítí při rozvrhování strojírenské výroby

Bibliographic Details
Main Author: Přecechtěl, Josef (Author)
Format: Article
Language:Czech
PhysicalDescription:Sch. 3., lit. 8 zázn. v češ.
Subjects:

MARC

LEADER 00000nab a2200000 a 4500
001 vtls000289361
003 SK-MaSNL
005 20260304235658.0
008 160204c1986 xo 0 cze
015 |a SNBRA19rr/mm-uuuuu 
035 |a CL0299480 
040 |a SNKBUCL  |b slo  |c SNKBUCL  |e AACR2 
041 0 |a cze 
044 |a xo  |c SK 
080 |a 621:658.512:681.3  |2 1981 
080 |a 658.512  |2 1981 
080 |a 681.3  |2 1981 
100 1 |a Přecechtěl, Josef  |4 aut  |9 1573460 
245 1 0 |a Využití mikropočítačových sítí při rozvrhování strojírenské výroby  |c Josef Přecechtěl 
300 |b Sch. 3., lit. 8 zázn. v češ. 
650 0 7 |a strojárstvo  |2 snkbucl  |9 674 
650 0 7 |a manažment výroby  |2 snkbucl  |9 933 
650 0 7 |a siete mikropočítačové  |2 snkbucl  |9 939317 
655 7 |a články zo zborníkov  |2 snkbucl  |9 166140 
773 0 |t Skúsenosti z navrhovania a prevádzky bezobslužných pracovísk  |d Bratislava : Dom techniky ČSVTS, 1986  |g S. 126-134 
850 |a Slovenská národná knižnica v Martine  |a MTA001 
852 |a SNK  |b KIS3GCP 
958 |a NB 
958 |a RK 
958 |a CZ 
992 |a RZB 
999 |c 3209949  |d 3211879